000 00389nam a2200145Ia 4500
008 210716s1994 xx 000 0 und d
041 _aeng
082 _a004.68 NELM
100 _aNelson, Mark.
245 _aSerial communications: A C++ developer's guide.
_bC++ developer's guide.
250 _a1
260 _aNew Delhi
_bBPB Publications
_c1994
300 _axiv,662
650 _aNone
999 _c183454
_d183454